1900 Olympics Paris, France - Statistics

General Stats
  • This quiz has been taken 9 times
  • The average score is 8 of 10
Answer Stats
Total Gold Silver Bronze Nation % Correct
17 6 7 4 Belgium
100%
102 27 38 37 France
100%
9 4 3 2 Germany
100%
32 15 8 9 Great Britain
100%
48 19 14 15 United States
100%
5 3 2 0 Italy
88%
5 2 0 3 Australia
75%
6 1 3 2 Denmark
75%
9 6 2 1 Switzerland
75%
19 8 5 6 Mixed Team
13%
No matching quizzes found
Score Distribution
Percent of People with Each Score
Percentile by Number Answered
Your Score History
You have not taken this quiz